Naruto : Mudrā - Statistiques

Statistiques générales
  • Ce quiz a été pris 259 fois
  • Le résultat moyen est 6 sur 12
Statistiques - réponses
Par images Réponse % Correct
Rat
70%
Tigre
58%
Cheval
54%
Dragon
52%
Chien
51%
Singe
51%
Serpent
48%
Buffle
39%
Cochon
37%
Coq
36%
Lièvre
36%
Chèvre
35%
Aucun quiz correspondant
Distribution des résultats
% des personnes avec chaque résultat
Percentile par nombre de réponses
Votre historique - résultats
Vous n’avez pas pris ce quiz